| 000 | 00727nam a2200205 a 4500 | ||
|---|---|---|---|
| 001 | 000021738 | ||
| 005 | 20200930011429.0 | ||
| 008 | 100910s1994 mx a r 000 |bspa d | ||
| 020 | _a9682972574 | ||
| 040 |
_aDO-SdBNP _bspa _cBNPHU |
||
| 082 |
_a928.72 _bA799N |
||
| 100 | 1 |
_aNervo, Amado _912590 |
|
| 245 | 1 | 0 |
_aJuana de Asbaje : _bcontribución al centenario de la independencia de México / _cAmado Nervo;introduccion y edición, Antonio Alatorre. |
| 260 |
_aMéxico D. F. : _bConsejo Nacional para la Cultura y las Artes. |
||
| 300 |
_a194 p. : _bil ; _c21 cm. |
||
| 500 | _aIncluye notas al pie de páginas | ||
| 600 | 1 | 0 |
_aASBAJE, JUANA, DE _d1651-1695 _945183 |
| 700 | 1 |
_aAlatorre, Antonio _eed. _945184 |
|
| 049 | _aBNGR | ||
| 999 |
_c21237 _d21237 |
||